000 00357nam a2200145 i 4500
001 bg
100 1 _aTRZASKA, Zdzisław
245 0 _aElektrotechnika teoretyczna.
_nCz.1 /
_cZ. Trzaska, W. Marszałek.
260 _aOpole,
_c1988.
700 1 _aMARSZAŁEK, W.
040 _cBPK
041 _apol
942 _cKS
008 s pl f |000 0 pol
999 _c3883
_d3883
856 _uhttp://koha.tu.koszalin.pl/cgi-bin/koha/opac-detail.pl?biblionumber=3883
_yKatalog online BPK